|
|
|
|
| LEADER |
01968nab#a2200409#ar4500 |
| 001 |
000061374 |
| 003 |
SVKKK |
| 005 |
20090415062539.0 |
| 008 |
080218d1905 xo |||||||||||||||b|hun |
| FMT |
|
|
|
| 038 |
|
|
|a SVKKK
|
| 040 |
|
|
|a SVKKK
|b slo
|e AACR2
|
| 041 |
0 |
|
|a hun
|
| 044 |
|
|
|a xo
|c SK
|
| 080 |
|
|
|a 061.4:630
|2 1997
|
| 242 |
1 |
0 |
|a Výstava poľnohospodárskeho náradia v Sátoraljaújhely
|y slo
|
| 245 |
1 |
0 |
|a Gazdasági eszközök kiállitása Sátoraljaujhelyben
|
| 600 |
1 |
4 |
|a Andráši, Alexander
|c Csíkszenkirályi és Krasznohorkay
|d 1863-1946
|x gróf, veľkostatkár, politik, mecén
|z Bratislava (Slovensko)
|x rodák
|z Humenné, Veľaty (Slovensko), Budapešť (Maďarsko)
|x pôsobenie
|x Gazdovský spolok Zemplínskej župy (predseda)
|
| 600 |
1 |
4 |
|a Berzevitz, Vojtech,
|x tajomník spolkový
|z Gazdovský spolok Zemplínskej župy
|
| 600 |
1 |
4 |
|a Meczner Deteki és Tengerfalvi, Vojtech
|c úradník župný
|x Gazdovský spolok Zemplínskej župy (podpredseda)
|y Sátoraljaújhely (Slovensko/Maďarsko)
|
| 600 |
1 |
4 |
|a Némethy, Jozef
|x úradník, tlmočník, podpredseda spolkový
|z Humenné (Slovensko)
|x pôsobenie
|
| 610 |
2 |
4 |
|a Gazdovský spolok Zemplínskej župy (Sátoralajaújhely, Slovensko/Maďarsko)
|
| 650 |
0 |
4 |
|a náradie poľnohospodárske
|x výstavy
|y 07.07.1905
|z Sátoraljaújhely (Slovensko/Maďarsko)
|
| 655 |
|
4 |
|a hungariká
|
| 773 |
0 |
|
|t Zempléni Hirlap
|g Roč. 13, č. 26 (01.07.1905) s. 2
|
| 957 |
|
|
|a Sátoraljaújhely
|
| 957 |
|
|
|a Humenné
|
| 958 |
|
|
|a DG
|
| 958 |
|
|
|a HU
|
| 974 |
|
|
|a KKá
|
| 992 |
|
|
|a RBX
|
| 997 |
|
|
|a Andrássy Csíkszenkirályi és Krasznohorkay, Sándor p. Andráši Csíkszenkirályi és Krasznohorkay, Alexander p. Andráši, Alexander
|
| 997 |
|
|
|a Berzevitzi, Béla p. Berzevitzi, Vojtech
|d Sátoraljaújhely
|
| 997 |
|
|
|a Meczner Deteki és Tengerfalvi, Béla p. Meczner Deteki és Tengerfalvi, Vojtech
|
| 997 |
|
|
|a Némethy, József p. Némethy, Jozef
|d Homonna p. Humenné
|
| BAS |
|
|
|
| 998 |
|
|
|a RETRO
|